000 00254nam a22001097a 4500
040 _cHS
082 _a631
110 _aAGRICULTURE AND FORESTRY
245 _aHandbook of tropical soil management
260 _aNA
_bAGRICULTURE & FORESTRY
_c2003
942 _cEK
999 _c8539
_d8539